[Event "Benidorm op-A"]
[Site "Benidorm"]
[Date "2022.12.09"]
[Round "7"]
[White "Cherniack, Alex"]
[Black "Gil Lopez, Alejandro"]
[Result "0-1"]
[WhiteElo "2188"]
[BlackElo "2041"]
[PlyCount "102"]
[EventDate "2022.12.03"]
[EventType "swiss"]
[EventRounds "9"]
[EventCountry "ESP"]
[SourceTitle "CBM 211 Extra"]
[Source "ChessBase"]
[SourceDate "2023.01.31"]
[SourceVersion "1"]
[SourceVersionDate "2023.01.31"]
[SourceQuality "1"]

1. d4 g6 2. e4 d6 3. Nf3 Bg7 4. c3 Nf6 5. Nbd2 Nbd7 6. Bd3 0-0 7. 0-0 e5 8. Re1 Nh5 9. Bf1 Re8 10. a4 c6 11. Nc4 Nb6 12. dxe5 Nxc4 13. Bxc4 dxe5 14. Qxd8 Rxd8 15. b3 h6 16. h3 Be6 17. Bxe6 fxe6 18. Be3 Rd3 19. Rac1 b6 20. Red1 Rad8 21. Rxd3 Rxd3 22. Ne1 Rd7 23. g3 g5 24. Kf1 c5 25. Ke2 Nf6 26. f3 Ne8 27. Nc2 Bf8 28. Na3 Nd6 29. Rd1 Rc7 30. c4 Kf7 31. Bd2 Bg7 32. Bc3 Ke7 33. b4 a6 34. bxc5 bxc5 35. Rb1 Rb7 36. Kd3 Kd7 37. Rb2 Kc6 38. Nc2 Bf6 39. Ne3 h5 40. Ng2 Rd7 41. g4 hxg4 42. hxg4 Nb5+ 43. Kc2 Nd4+ 44. Bxd4 exd4 45. Kd3 Ra7 46. Rf2 Rb7 47. f4 Rb3+ 48. Ke2 d3+ 49. Kf3 d2+ 50. Ke2 Bd4 51. Rf1 Rg3 0-1

[Event "Reykjavik Kvika op"]
[Site "Reykjavik"]
[Date "2022.04.12"]
[Round "9"]
[White "Willow, Jonah B"]
[Black "Cherniack, Alex"]
[Result "1-0"]
[WhiteElo "2411"]
[BlackElo "2213"]
[PlyCount "107"]
[EventDate "2022.04.06"]
[EventType "swiss"]
[EventRounds "9"]
[EventCountry "ISL"]
[SourceTitle "CBM 207 Extra"]
[Source "ChessBase"]
[SourceDate "2022.05.31"]
[SourceVersion "1"]
[SourceVersionDate "2022.05.31"]
[SourceQuality "1"]

1. e4 e5 2. Nf3 Nc6 3. Nc3 Nf6 4. Bb5 Bd6 5. d3 a6 6. Ba4 Bc5 7. Nxe5 Nxe5 8. d4 Bd6 9. dxe5 Bxe5 10. Ne2 Qe7 11. f4 Bxb2 12. Bxb2 Qb4+ 13. Bc3 Qxa4 14. Bxf6 gxf6 15. 0-0 d6 16. Ng3 Be6 17. Nh5 Ke7 18. f5 Bd7 19. Qd2 Qc4 20. Rad1 Bc6 21. Nxf6 Kxf6 22. e5+ dxe5 23. Qh6+ Ke7 24. f6+ Ke8 25. Qg7 Qc5+ 26. Kh1 Rf8 27. Rf5 Be4 28. Rg5 b5 29. Qh6 Bg6 30. Qh3 Rd8 31. Re1 Be4 32. Qg4 Bxg2+ 33. Qxg2 Rd5 34. Qg4 Kd8 35. Rg8 c6 36. Qg7 Rxg8 37. Qxg8+ Kc7 38. Qxf7+ Kb6 39. Qg8 Qf2 40. Qg1 Qxg1+ 41. Kxg1 Rd6 42. Rf1 Rd8 43. Kf2 Rf8 44. Ke3 Kc5 45. Ke4 Kd6 46. Kf5 e4 47. Rd1+ Kc5 48. Ke6 Re8+ 49. Kd7 Re5 50. f7 Rf5 51. Ke7 e3 52. f8Q Rxf8 53. Kxf8 Kc4 54. Rd3 1-0

[Event "Gibraltar Masters 18th"]
[Site "Caleta"]
[Date "2020.01.21"]
[Round "1"]
[White "Cherniack, Alex"]
[Black "Kotronias, Vasilios"]
[Result "0-1"]
[WhiteElo "2211"]
[BlackElo "2526"]
[PlyCount "90"]
[EventDate "2020.01.21"]
[EventType "swiss"]
[EventRounds "10"]
[EventCountry "GGB"]
[SourceTitle "CBM 194 Extra"]
[Source "ChessBase"]
[SourceDate "2020.03.31"]
[SourceVersion "1"]
[SourceVersionDate "2020.03.31"]
[SourceQuality "1"]

1. d4 Nf6 2. c4 c5 3. d5 b5 4. cxb5 a6 5. bxa6 g6 6. Nc3 Bxa6 7. Nf3 d6 8. g3 Bg7 9. Bg2 Nbd7 10. Rb1 0-0 11. 0-0 Qa5 12. Bd2 Qc7 13. b3 Nb6 14. Nh4 Bb7 15. Bc1 Nfd7 16. Nb5 Qc8 17. a3 c4 18. Be3 Nc5 19. b4 Nca4 20. Bd4 Bxd4 21. Qxd4 Qd7 22. Nc3 Nxc3 23. Qxc3 Rfc8 24. e4 Na4 25. Qc2 c3 26. Ra1 Ba6 27. Rfe1 Bc4 28. Nf3 e5 29. dxe6 Qxe6 30. Nd4 Qe5 31. Ne2 Bxe2 32. Rxe2 Nb2 33. Re3 Rc7 34. Bf1 Qd4 35. h4 Kg7 36. Kg2 h6 37. Kg1 g5 38. hxg5 hxg5 39. Bh3 Rc6 40. Bg4 Qd2 41. Qb3 Nd3 42. Be2 Qb2 43. Qa2 Qxa2 44. Rxa2 Nxb4 45. Ra1 Nc2 0-1

[Event "Los Angeles Metropolitan op 1st"]
[Site "Los Angeles"]
[Date "2011.08.17"]
[Round "1"]
[White "Cherniack, Alex"]
[Black "Gareyev, Timur"]
[Result "0-1"]
[WhiteElo "2262"]
[BlackElo "2613"]
[PlyCount "56"]
[EventDate "2011.08.17"]
[EventType "swiss"]
[EventRounds "9"]
[EventCountry "USA"]
[SourceTitle "CBM 144 Extra"]
[Source "ChessBase"]
[SourceDate "2011.10.28"]
[SourceVersion "1"]
[SourceVersionDate "2011.10.28"]
[SourceQuality "1"]

1. d4 Nf6 2. c4 c5 3. d5 b5 4. cxb5 a6 5. bxa6 g6 6. Nc3 Bxa6 7. Nf3 d6 8. g3 Nbd7 9. Bg2 Nb6 10. b3 Bg7 11. Rb1 Bc8 12. Nh4 h6 13. Qc2 Qd7 14. 0-0 g5 15. Nf3 Qf5 16. e4 Qg6 17. Rd1 0-0 18. b4 Nc4 19. bxc5 dxc5 20. Qb3 Ba6 21. Qa4 Nxe4 22. Nxe4 Qxe4 23. Nd2 Qg6 24. Be4 Qh5 25. Bf3 g4 26. Bg2 Ne5 27. Qf4 Be2 28. Rf1 Rxa2 0-1

[Event "USA tt sf"]
[Site "ICC INT"]
[Date "2010.11.10"]
[Round "2"]
[White "Cherniack, Alex"]
[Black "Xu, Grant"]
[Result "1-0"]
[WhiteElo "2251"]
[BlackElo "2091"]
[PlyCount "73"]
[EventDate "2010.11.01"]
[EventType "team-match"]
[EventRounds "3"]
[EventCountry "USA"]
[SourceTitle "EXT 2011"]
[Source "ChessBase"]
[SourceDate "2010.11.26"]
[SourceVersion "1"]
[SourceVersionDate "2010.11.26"]
[SourceQuality "1"]
[WhiteTeam "New England"]
[BlackTeam "New England"]
[WhiteTeamCountry "USA"]
[BlackTeamCountry "USA"]

1. e4 e6 2. d4 d5 3. e5 c5 4. c3 Nc6 5. Nf3 Qb6 6. a3 a5 7. b3 f6 8. Bd3 fxe5 9. dxe5 Nge7 10. h4 Bd7 11. h5 0-0-0 12. Bg5 Be8 13. Nbd2 h6 14. Bh4 Rd7 15. g4 g5 16. Bg3 Bg7 17. Qe2 Rc7 18. Rb1 Na7 19. c4 Bc6 20. 0-0 Rd7 21. Rfc1 Kb8 22. b4 axb4 23. axb4 dxc4 24. Nxc4 Qd8 25. Nd6 Rf8 26. Be4 Bxe4 27. Qxe4 cxb4 28. Nd4 Nec8 29. Nxe6 Nxd6 30. exd6 Qe8 31. Qd5 Qf7 32. Rc7 Rxc7 33. dxc7+ Ka8 34. Rxb4 Nc6 35. Ra4+ Na7 36. Qd8+ Rxd8 37. cxd8Q# 1-0

[Event "USA tt qf"]
[Site "ICC INT"]
[Date "2010.11.01"]
[Round "1"]
[White "Ostrovskiy, Aleksandr A"]
[Black "Cherniack, Alex"]
[Result "1/2-1/2"]
[WhiteElo "2309"]
[BlackElo "2251"]
[PlyCount "78"]
[EventDate "2010.11.01"]
[EventType "team-match"]
[EventRounds "1"]
[EventCountry "USA"]
[SourceTitle "EXT 2011"]
[Source "ChessBase"]
[SourceDate "2010.11.26"]
[SourceVersion "1"]
[SourceVersionDate "2010.11.26"]
[SourceQuality "1"]
[WhiteTeam "New York"]
[BlackTeam "New England"]
[WhiteTeamCountry "USA"]
[BlackTeamCountry "USA"]

1. e4 e6 2. d4 d5 3. Nc3 Bb4 4. e5 c5 5. a3 Bxc3+ 6. bxc3 Ne7 7. Qg4 0-0 8. Bd3 Nbc6 9. Nf3 f5 10. Qh3 Qa5 11. Bd2 Qa4 12. Rg1 c4 13. Be2 Qxc2 14. Rc1 Qb2 15. g4 Bd7 16. Bd1 fxg4 17. Rxg4 Nf5 18. Bc2 Nce7 19. Ke2 a5 20. Bb1 h6 21. Rcg1 Rf7 22. Nh4 Ra6 23. Qg2 g5 24. Nf3 Kf8 25. Nxg5 hxg5 26. Rxg5 Ke8 27. Qh3 Kd8 28. Bxf5 exf5 29. Qh8+ Kc7 30. Rg7 Rxg7 31. Rxg7 Re6 32. Qh7 Qxa3 33. Bg5 Qxc3 34. Rxe7 Qd3+ 35. Ke1 Qb1+ 36. Ke2 Qd3+ 37. Ke1 Qb1+ 38. Ke2 Qd3+ 39. Ke1 Qb1+ 1/2-1/2

[Event "USA tt"]
[Site "ICC INT"]
[Date "2010.09.20"]
[Round "5"]
[White "Wilson, Elvin"]
[Black "Cherniack, Alex"]
[Result "1/2-1/2"]
[WhiteElo "2277"]
[BlackElo "2226"]
[PlyCount "96"]
[EventDate "2010.08.23"]
[EventType "team"]
[EventRounds "10"]
[EventCountry "USA"]
[SourceTitle "CBM 138 Extra"]
[Source "ChessBase"]
[SourceDate "2010.10.29"]
[SourceVersion "1"]
[SourceVersionDate "2010.10.29"]
[SourceQuality "1"]

1. d4 e6 2. Nf3 Nf6 3. c4 b6 4. a3 Ba6 5. Qc2 Bb7 6. Nc3 c5 7. dxc5 bxc5 8. Bg5 Be7 9. Rd1 Nc6 10. e3 h6 11. Bh4 0-0 12. Be2 a6 13. 0-0 Qc7 14. Rd2 Rad8 15. Rfd1 d6 16. h3 Rd7 17. Bg3 Rfd8 18. Bd3 Qa5 19. Ne4 Nxe4 20. Bxe4 f5 21. Bd3 Rf8 22. Be2 Qc7 23. Rd3 Rdd8 24. b4 cxb4 25. c5 Ne5 26. Nxe5 dxe5 27. Rxd8 Bxd8 28. axb4 f4 29. exf4 exf4 30. Bh2 e5 31. f3 Be7 32. Bxa6 Bxa6 33. Qa2+ Kh8 34. Qxa6 Rb8 35. Kh1 Rxb4 36. Bg1 e4 37. fxe4 f3 38. Qg6 fxg2+ 39. Qxg2 Bf6 40. Qg4 Qc6 41. Rd5 Qe8 42. Qf3 Rxe4 43. c6 Rc4 44. Rd6 Rc3 45. Qg4 Rxc6 46. Qa4 Rc8 47. Qxe8+ Rxe8 48. Kg2 Kh7 1/2-1/2

[Event "USA tt"]
[Site "ICC INT"]
[Date "2010.09.13"]
[Round "4"]
[White "Cherniack, Alex"]
[Black "Krasik, Ilya"]
[Result "1/2-1/2"]
[WhiteElo "2226"]
[BlackElo "2202"]
[PlyCount "93"]
[EventDate "2010.08.23"]
[EventType "team"]
[EventRounds "10"]
[EventCountry "USA"]
[SourceTitle "CBM 138 Extra"]
[Source "ChessBase"]
[SourceDate "2010.10.29"]
[SourceVersion "1"]
[SourceVersionDate "2010.10.29"]
[SourceQuality "1"]

1. e4 c5 2. Nf3 g6 3. c3 Bg7 4. d4 cxd4 5. cxd4 d5 6. e5 Bg4 7. Nbd2 Nc6 8. h3 Bf5 9. a3 Rc8 10. b4 Nh6 11. Bb2 0-0 12. Rc1 f6 13. exf6 exf6 14. Be2 Nf7 15. 0-0 Re8 16. Re1 Bh6 17. Qb3 Bxd2 18. Nxd2 Rxe2 19. Rxe2 Nxd4 20. Rxc8 Nxe2+ 21. Kf1 Qxc8 22. Kxe2 Qe6+ 23. Qe3 Ne5 24. Kf1 b6 25. g4 Nd3 26. Qxe6+ Bxe6 27. Bxf6 Nf4 28. b5 Nxh3 29. f3 Bd7 30. a4 Nf4 31. Nb3 h5 32. gxh5 gxh5 33. Be5 Nd3 34. Bb8 Nb2 35. Bxa7 Nxa4 36. Nd4 Kf7 37. Kf2 h4 38. Ke3 Kf6 39. Bb8 Nc3 40. Bc7 h3 41. Kf2 Nxb5 42. Bxb6 Nd6 43. Ne2 Nf5 44. Nf4 Ne7 45. Bc5 Ke5 46. Nxh3 Bxh3 47. Bxe7 1/2-1/2

[Event "Foxwoods op 09th"]
[Site "Connecticut"]
[Date "2007.04.06"]
[Round "5"]
[White "Cherniack, Alex"]
[Black "Andrews, Todd D"]
[Result "1/2-1/2"]
[WhiteElo "2246"]
[BlackElo "2284"]
[PlyCount "71"]
[EventDate "2007.04.04"]
[EventType "swiss"]
[EventRounds "9"]
[EventCountry "USA"]
[SourceTitle "CBM 117 Extra"]
[Source "ChessBase"]
[SourceDate "2007.05.09"]
[SourceVersion "1"]
[SourceVersionDate "2007.05.09"]
[SourceQuality "1"]

1. d4 Nf6 2. c4 c5 3. d5 b5 4. cxb5 a6 5. bxa6 g6 6. Nc3 Bxa6 7. Nf3 d6 8. g3 Bg7 9. Bg2 Nbd7 10. Rb1 0-0 11. b3 Qa5 12. Bd2 Rfb8 13. 0-0 Bb7 14. a4 Qd8 15. Nh4 Ra6 16. e4 Rb6 17. Nb5 Ra8 18. Re1 Qb8 19. Bc3 Ba6 20. Bf1 Ne8 21. Qd2 Bxc3 22. Qxc3 Nc7 23. Nxc7 Qxc7 24. Bxa6 Raxa6 25. Nf3 Qb7 26. Nd2 Rb4 27. f4 Nf6 28. Nc4 Raxa4 29. Nxd6 exd6 30. Qxf6 Rxb3 31. Rxb3 Qxb3 32. Qxd6 Qb4 33. Rd1 Qb3 34. Re1 Ra2 35. e5 Qc2 36. Qd8+ 1/2-1/2

[Event "World op 34th"]
[Site "Philadelphia"]
[Date "2006.07.02"]
[Round "5"]
[White "Cherniack, Alex"]
[Black "Harika, Dronavalli"]
[Result "1/2-1/2"]
[WhiteElo "2225"]
[BlackElo "2358"]
[PlyCount "127"]
[EventDate "2006.06.28"]
[EventType "swiss"]
[EventRounds "9"]
[EventCountry "USA"]
[SourceTitle "CBM 112 Extra"]
[Source "ChessBase"]
[SourceDate "2006.07.14"]
[SourceVersion "1"]
[SourceVersionDate "2006.07.14"]
[SourceQuality "1"]

1. d4 Nf6 2. c4 e6 3. Nc3 Bb4 4. Qc2 Nc6 5. Nf3 d6 6. a3 Bxc3+ 7. Qxc3 Qe7 8. b4 e5 9. d5 Nb8 10. e3 0-0 11. Be2 Bg4 12. h3 Bh5 13. Bb2 Nbd7 14. 0-0 Ne4 15. Qc2 f5 16. Rae1 Bxf3 17. Bxf3 Ng5 18. Bd1 Rf6 19. Kh2 Raf8 20. f4 Nf7 21. Re2 Nh6 22. Ref2 Rg6 23. g3 Rgf6 24. Bf3 R6f7 25. Bh5 Rf6 26. Bf3 R6f7 27. Rg2 Nf6 28. fxe5 dxe5 29. Qc3 Re8 30. Qc2 Ref8 31. Re1 Re8 32. e4 fxe4 33. Bxe4 Rff8 34. Rge2 Nxe4 35. Rxe4 Nf7 36. h4 Qf6 37. Qg2 Nh6 38. Kg1 Qf5 39. Bxe5 Qd7 40. Bf4 Ng4 41. Qe2 Nf6 42. Re6 b5 43. Bg5 Rxe6 44. Qxe6+ Qxe6 45. dxe6 bxc4 46. Bxf6 gxf6 47. Rc1 Re8 48. Rxc4 Rxe6 49. Rxc7 Ra6 50. Rc3 Kg7 51. Kf2 h5 52. Ke2 Kg6 53. Rf3 Rd6 54. a4 Rd4 55. Rb3 Kf5 56. Kf3 Rc4 57. Ke3 Rg4 58. Kf3 Rc4 59. a5 a6 60. b5 axb5 61. Rxb5+ Kg6 62. Rb3 Ra4 63. Rb5 Rg4 64. Rb3 1/2-1/2

[Event "Budapest FS04 IM"]
[Site "Budapest"]
[Date "2005.04.11"]
[Round "10"]
[White "Radnai, Adam"]
[Black "Cherniack, Alex"]
[Result "1/2-1/2"]
[WhiteElo "2191"]
[BlackElo "2238"]
[PlyCount "62"]
[EventDate "2005.04.02"]
[EventType "tourn"]
[EventRounds "13"]
[EventCountry "HUN"]
[EventCategory "1"]
[SourceTitle "CBM 105 Extra"]
[Source "ChessBase"]
[SourceDate "2005.05.01"]
[SourceVersion "1"]
[SourceVersionDate "2005.05.01"]
[SourceQuality "1"]

1. e4 e6 2. d4 d5 3. exd5 exd5 4. Nf3 Nf6 5. c4 Bb4+ 6. Nc3 0-0 7. Be2 dxc4 8. Bxc4 Re8+ 9. Be3 Be6 10. Be2 Nd5 11. Bd2 Nxc3 12. bxc3 Bc4 13. Ng1 Qd5 14. Kf1 Bd6 15. Qa4 Bxe2+ 16. Nxe2 b5 17. Qb3 Qh5 18. Re1 Nc6 19. d5 Ne7 20. Qxb5 Rab8 21. Qa4 Nxd5 22. Qxa7 Nb6 23. Qa6 Qd5 24. Nd4 Nc4 25. Be3 Nxe3+ 26. fxe3 Rb2 27. Qc6 Qxc6 28. Nxc6 Rc2 29. Nd4 Rxa2 30. g3 Rb8 31. Re2 Ra1+ 1/2-1/2

[Event "Budapest FS04 IM"]
[Site "Budapest"]
[Date "2005.04.09"]
[Round "8"]
[White "Fodor, Tamas Jr"]
[Black "Cherniack, Alex"]
[Result "0-1"]
[WhiteElo "2269"]
[BlackElo "2238"]
[PlyCount "89"]
[EventDate "2005.04.02"]
[EventType "tourn"]
[EventRounds "13"]
[EventCountry "HUN"]
[EventCategory "1"]
[SourceTitle "CBM 105 Extra"]
[Source "ChessBase"]
[SourceDate "2005.05.01"]
[SourceVersion "1"]
[SourceVersionDate "2005.05.01"]
[SourceQuality "1"]

1. d4 Nf6 2. c4 e6 3. Nc3 Bb4 4. Qc2 0-0 5. Nf3 d5 6. cxd5 exd5 7. Bg5 h6 8. Bh4 c5 9. e3 Nc6 10. a3 Bxc3+ 11. Qxc3 g5 12. Bg3 Ne4 13. Qc1 Qa5+ 14. Kd1 cxd4 15. b4 Qa4+ 16. Qc2 Qxc2+ 17. Kxc2 Bf5 18. Kb2 dxe3 19. fxe3 Nxg3 20. hxg3 Kg7 21. Bb5 Ne7 22. Rac1 Rac8 23. Nd4 Be4 24. Bd7 Rc4 25. Rhg1 Rd8 26. Bg4 Kg6 27. Rgd1 Bxg2 28. Rxc4 dxc4 29. Be2 Nf5 30. Nxf5 Rxd1 31. Ne7+ Kf6 32. Ng8+ Kg7 33. Bxd1 Kxg8 34. Kc3 Bd5 35. Kd4 Be6 36. Bf3 b6 37. a4 Kg7 38. a5 bxa5 39. bxa5 g4 40. Bd1 Kf6 41. e4 h5 42. Bc2 Kg5 43. Ke3 h4 44. Kf2 h3 45. Bb1 0-1